Star Trek: Deep Space Nine Crew - Statistics

General Stats
  • This quiz has been taken 138 times
  • The average score is 27 of 34
Answer Stats
Position/Role Character % Correct
Captain, Deep Space Nine, U.S.S. Defiant Benjamin Sisko
100%
Son of Deep Space Nine's Captain Jake Sisko
100%
Science Officer, Deep Space Nine, U.S.S. Defiant Jadzia Dax
98%
First Officer, Deep Space Nine, U.S.S. Defiant Kira Nerys
97%
Chief of Security, Deep Space Nine, U.S.S. Defiant Odo
96%
Chief Medical Officer, Deep Space Nine, U.S.S. Defiant Julian Bashir
95%
Chief Engineer, Deep Space Nine, U.S.S. Defiant Miles O'Brien
95%
Schoolteacher, Wife to Chief Engineer Keiko O'Brien
94%
Daughter of Chief Engineer and Wife Molly O'Brien
94%
Ferengi Bartender, Deep Space Nine Quark
94%
Station Counselor, Deep Space Nine, U.S.S. Defiant Ezri Dax
93%
Strategic Operations Officer, Deep Space Nine, U.S.S. Defiant Worf
93%
Son of Chief Engineer and Wife Kirayoshi O'Brien
92%
Ferengi Engineer, Deep Space Nine Rom
90%
Cardassian Taylor and Spy Elim Garak
85%
Cardassian Gul, Former Prefect of Bajor Dukat
84%
Race of Genetically Engineered Dominion Soldiers Jem'Hadar
82%
Klingon General Martok
82%
Constant Barstool Occupier Morn
81%
Klingon Chancellor Gowron
77%
Helmsman, Deep Space Nine, U.S.S. Defiant Nog
76%
Powerful, Benevolent God-Like Figures in Bajoran Mythology Prophets
76%
Bajoran Kai Winn Adami
76%
Vorta Leader of Cardassia Weyoun
74%
Dabo Girl, Wife to Ferengi Engineer Leeta
72%
Wife of Deep Space Nine's Captain (Current) Kasidy Yates
62%
Cardassian Revolutionary Damar
61%
Bajoran Vedek Bareil Antos
57%
Former Chief of Starfleet Security, Deep Space Nine, U.S.S. Defiant Michael Eddington
57%
Powerful, Malevolent God-Like Figures in Bajoran Mythology Pah-Wraiths
55%
Female Relative of Chief of Security, Leader of the Dominion Female Changeling
51%
Daughter to Cardassian Gul Tora Ziyal
51%
Starfleet Admiral Prevalent During Dominion War William Ross
44%
First Minister of Bajor Shakaar Edon
35%
No matching quizzes found
Score Distribution
Percent of People with Each Score
Percentile by Number Answered
Your Score History
You have not taken this quiz